000 00622nam a2200277Ia 4500
005 20260324130052.0
008 008 260324s9999 xx 000 0 eng d
020 _a9780203958599
037 _aEBOOK
040 _aCRL
040 _beng
040 _cCRL
041 _2eng
041 _aeng
084 _qCRL
100 _aAl Gini
_91180388
245 0 _aWhy It's Hard To Be Good
260 _bTaylor and Francis
260 _c2008
365 _a
365 _b80.99
856 _uhttp://www.taylorfrancis.com/books/9780203958599
942 _cEBOOK
999 _c1776212
_d1776212